Hydrographie de Paris - Statistiques

Statistiques générales
  • Ce quiz a été pris 39 fois
  • Le résultat moyen est 4 sur 40
Statistiques - réponses
Élément hydrographique Réponse % Correct
Rivière Seine
100%
Canal Saint-Martin
68%
Canal de l'Ourcq
38%
Rivière Bièvre
32%
Bassin de la Villette
26%
Bassin de l'Arsenal
24%
Lac Daumesnil
21%
Cascade des Buttes-Chaumont
15%
Lac des Buttes-Chaumont
15%
Lac de Gravelle
6%
Ruisseau de Gravelle
6%
Lac des Minimes
6%
Lac du Parc Monceau
6%
Lac Inférieur
6%
Étang de Longchamp
3%
Ruisseau de Longchamp
3%
Réservoir de Passy
3%
Étang de Suresnes
3%
Rivière Grange-Batelière
3%
Cascade La Grande Cascade du Bois de Boulogne
3%
Lac Mare Saint-James
3%
Bassin Parc Georges-Brassens
3%
Lac Parc Kellermann
3%
Lac sous l'Opéra Garnier
3%
Cascade Bagatelle
0%
Étang de Boulogne
0%
Étang de l'Abbaye
0%
Cascade de Saint Claude
0%
Lac de Saint-Mandé
0%
Canal du Clignon
0%
Réservoir du Parc Clichy-Batignolles - Martin-Luther-King
0%
Canal Gergogne
0%
Canal Grivet ou Collinance
0%
Rivière Joinville
0%
Réservoir Parc Belleville
0%
Réservoir Parc Montsouris
0%
Lac Petites Lacs aux pied de Tour Eiffel
0%
Ruisseau Rivière Enchantée (Jardin d'acclimatation)
0%
Canal Sant-Denis
0%
Canal Thérouanne,
0%
Aucun quiz correspondant
Distribution des résultats
% des personnes avec chaque résultat
Percentile par nombre de réponses
Votre historique - résultats
Vous n’avez pas pris ce quiz